यजुर्वेदभाषाभाष्य / (Record no. 122329)

MARC details
000 -LEADER
fixed length control field 00825nam a22002417a 4500
010 ## - LIBRARY OF CONGRESS CONTROL NUMBER
LC control number A-159833
020 ## - INTERNATIONAL STANDARD BOOK NUMBER
Terms of availability 211.00
035 ## - SYSTEM CONTROL NUMBER
System control number A-159833
037 ## - SOURCE OF ACQUISITION
Stock number Cen Lib / Ret
040 ## - CATALOGING SOURCE
Original cataloging agency DPL
Language of cataloging HN
082 ## - DEWEY DECIMAL CLASSIFICATION NUMBER
Classification number 220.21
Item number वेदय
100 ## - MAIN ENTRY--PERSONAL NAME
Personal name दयानन्दसरस्वती
245 ## - TITLE STATEMENT
Title यजुर्वेदभाषाभाष्य /
Remainder of title दयानन्दसरस्वती
246 ## - VARYING FORM OF TITLE
Title proper/short title Yajurvedbhashabhasye/
Remainder of title by Dayananad Saraswati
260 ## - PUBLICATION, DISTRIBUTION, ETC. (IMPRINT)
Place of publication, distribution, etc अजमेर
Name of publisher, distributor, etc वैदिक यन्त्रालय
270 ## - ADDRESS
City अजमेर
Address वैदिक यन्त्रालय
300 ## - PHYSICAL DESCRIPTION
Extent v 1. 420p.
Other physical details 22cm.
650 ## - SUBJECT ADDED ENTRY--TOPICAL TERM
Topical term or geographic name as entry element यजुर्वेद
650 ## - SUBJECT ADDED ENTRY--TOPICAL TERM
Topical term or geographic name as entry element वेद
650 ## - SUBJECT ADDED ENTRY--TOPICAL TERM
Topical term or geographic name as entry element Yajurveda
650 ## - SUBJECT ADDED ENTRY--TOPICAL TERM
Topical term or geographic name as entry element Veda
942 ## - ADDED ENTRY ELEMENTS (KOHA)
Source of classification or shelving scheme Dewey Decimal Classification
Koha item type Hindi Books
Classification part 220.21
Call number suffix वेदय
Holdings
Withdrawn status Lost status Materials specified (bound volume or other part) Damaged status Not for loan Collection code Home library Current library Date acquired Source of acquisition Cost, normal purchase price Total Checkouts Full call number Barcode Date last seen Cost, replacement price Price effective from Koha item type
    v.1   Not For Loan Reference Central Library Central Library 14/03/2016 Cen Lib/Ref 211.00   220.21 वेदय A-159833 14/03/2016 211.00 14/03/2016 Hindi Books

© Delhi Public Library
Hit Counter
free hit counter